000 00871nam a2200253Ia 4500
003 OSt
005 20220923211043.0
006 a|||||r|||| 00| 0
007 ta
008 220922b |||||||| |||| 00| 0 hin d
020 _a8174530932 (hbk)
_c275
024 _a234,346
037 _b346, 13/03/2008, Swaraj Prakashan
_cTextual
040 _aARTS
_cARTS
_bhin
041 _2hin
_ahin
082 _aO152,1LB0,1:g, P3
100 _aवेद प्रकाश
_9157671
245 0 _aकवि बोधा और उनका इश्कनामा
246 _aKavi bodhā aur unakā ishkanāmā
260 _aदिल्ली
_b संजय प्रकाशन
_c2003
300 _a229पृ.
_ccm.
942 _hO152,1LB0,1:g, P3
_cTEXL
_2CC
999 _c294581
_d294581